[Event "Cardona Memorial 22nd"]
[Site "Catalunya"]
[Date "2019.04.06"]
[Round "8"]
[White "Villadent Isern, Joaquim"]
[Black "Altes Rull, Marc"]
[Result "0-1"]
[WhiteElo "1653"]
[BlackElo "1571"]
[PlyCount "39"]
[EventDate "2019.03.16"]
[EventType "swiss"]
[EventRounds "8"]
[EventCountry "ESP"]
[SourceTitle "EXT 2020"]
[Source "ChessBase"]
[SourceDate "2019.10.17"]
[SourceVersion "1"]
[SourceVersionDate "2019.10.17"]
[SourceQuality "1"]

1. b3 d5 2. Bb2 Nf6 3. e3 Nc6 4. Bb5 e6 5. Nf3 Bd7 6. 0-0 Bd6 7. Bxc6 Bxc6 8. Nd4 Qd7 9. Na3 0-0 10. c4 e5 11. Nxc6 bxc6 12. cxd5 cxd5 13. Nc2 Qe6 14. f4 exf4 15. Qf3 Ne4 16. Nd4 Nxd2 17. Nxe6 Nxf3+ 18. Rxf3 fxe6 19. exf4 Rxf4 20. Re3 0-1

[Event "Cardona Memorial 22nd"]
[Site "Catalunya"]
[Date "2019.03.16"]
[Round "1"]
[White "Altes Rull, Marc"]
[Black "Barberans Sola, Sebastian"]
[Result "0-1"]
[WhiteElo "1571"]
[BlackElo "1887"]
[PlyCount "42"]
[EventDate "2019.03.16"]
[EventType "swiss"]
[EventRounds "8"]
[EventCountry "ESP"]
[SourceTitle "EXT 2020"]
[Source "ChessBase"]
[SourceDate "2019.10.17"]
[SourceVersion "1"]
[SourceVersionDate "2019.10.17"]
[SourceQuality "1"]

1. e4 e6 2. d4 d5 3. exd5 exd5 4. Bd3 Nc6 5. Nf3 Bd6 6. 0-0 Nge7 7. Bg5 f6 8. Bh4 Bg4 9. Nbd2 0-0 10. Bg3 Bxg3 11. fxg3 Nxd4 12. c3 Bf5 13. Nxd4 Bxd3 14. Ne6 Qd6 15. Nxf8 Bxf1 16. Qxf1 Kxf8 17. Nf3 Re8 18. Rd1 Qb6+ 19. Nd4 Nc6 20. Qb5 Nxd4 21. Qxb6 Ne2+ 0-1